BIBLIOTECA

SENCICO

Instalaciones domóticas / (Registro nro. 336)

Detalles MARC
000 -LEADER
fixed length control field 01212nam a2200277Ia 4500
003 - CONTROL NUMBER IDENTIFIER
control field PE SENCICO BE
005 - DATE AND TIME OF LATEST TRANSACTION
control field 20251020182434.0
008 - FIXED-LENGTH DATA ELEMENTS--GENERAL INFORMATION
fixed length control field 200515s9999 xx 000 0 und d
040 ## - CATALOGING SOURCE
Original cataloging agency PE SENCICO BE
Transcribing agency PE SENCICO BE
041 ## - LANGUAGE CODE
Language code of text/sound track or separate title spa
082 ## - DEWEY DECIMAL CLASSIFICATION NUMBER
Classification number 629.8313
Item number T64
100 1# - MAIN ENTRY--PERSONAL NAME
9 (RLIN) 1290
Personal name Tobajas García, Carlos
Relator term autor
245 10 - TITLE STATEMENT
Title Instalaciones domóticas /
Statement of responsibility, etc. Carlos Tobajas García
250 ## - EDITION STATEMENT
Edition statement 1a ed.
260 ## - PUBLICATION, DISTRIBUTION, ETC.
Place of publication, distribution, etc. Bogotá :
Name of publisher, distributor, etc. Ediciones de la U,
Date of publication, distribution, etc. 2014
300 ## - PHYSICAL DESCRIPTION
Extent [9], 151 h. :
Other physical details il., diagrs. ;
Dimensions 24 cm.
505 ## - FORMATTED CONTENTS NOTE
Formatted contents note Instalaciones domóticas. – Elementos de un sistema domótico. – Instalaciones domóticas con corrientes portadoras. – Instalaciones domóticas con autómatas programables. – Instalaciones domóticas basadas en cableado especifico bus de campo. – Instalaciones domóticas inalámbricas. – Prevención de riesgos laborales en sistemas o instalaciones domóticas.
650 14 - SUBJECT ADDED ENTRY--TOPICAL TERM
Topical term or geographic name entry element Domótica
9 (RLIN) 242
650 20 - SUBJECT ADDED ENTRY--TOPICAL TERM
Topical term or geographic name entry element Sistemas de energía eléctrica
9 (RLIN) 401
650 20 - SUBJECT ADDED ENTRY--TOPICAL TERM
Topical term or geographic name entry element Autómatas
9 (RLIN) 1291
650 20 - SUBJECT ADDED ENTRY--TOPICAL TERM
Topical term or geographic name entry element Instalaciones domóticas
9 (RLIN) 1294
650 20 - SUBJECT ADDED ENTRY--TOPICAL TERM
Topical term or geographic name entry element Sistemas de control digital
9 (RLIN) 1292
650 20 - SUBJECT ADDED ENTRY--TOPICAL TERM
Topical term or geographic name entry element Sistemas de control inteligente
9 (RLIN) 1293
942 ## - ADDED ENTRY ELEMENTS (KOHA)
Koha item type Libros
Source of classification or shelving scheme Dewey Decimal Classification
Existencias
Fecha de la última vez que lo usaron Número de ingreso o de inventario Pago total Signatura topográfica completa Precio efectivo desde Tipo de documento Estado perdido Sistema de clasificación Estado dañado No es para préstamo Retirado Ubicación permanente Ubicación actual Fecha de adquisición Fuente de adquisición
15/05/2020 16610   629.8313/T64 20/10/2025 Libros   Dewey Decimal Classification       Biblioteca Central Lima Biblioteca Central Lima 26/07/2023 Comprado de la librería Libun